Giancarlo wkracza do akcji /

Saved in:
Bibliographic Details
Main Author: Amici, Giuliano
Corporate Author: Wydawnictwo "Nasza Księgarnia"
Other Authors: Łoskot, Zbigniew (1922-1997) (Il.), Zielonko, Jane (1922-1982) (Tłumaczenie)
Format: Book
Language:Polish
Italian
Published: Warszawa : "Nasza Księgarnia", 1976
Series:Klub Siedmiu Przygód
Tags: Add Tag
No Tags, Be the first to tag this record!

MARC

LEADER 00000nam a2200000 i 4500
001 991023659589705066
005 20260515140227.0
008 040519s1976 pl |000 f pol
035 |a 991023659589705066 
035 |a (PL-WaBN)b16481495-48omnis_nlop 
035 |a b16481495 
035 |a (OCoLC)749574452 
035 |a zz2004873478 
035 |a (PL)b0000001648149 
035 |a (EXLNZ-48OMNIS_NETWORK)9910080919205606 
040 |a WA N  |c WA N 
041 1 |a pol  |h ita 
080 |a 850-93 
090 |c 92  |d 91 
100 1 |a Amici, Giuliano 
245 1 0 |a Giancarlo wkracza do akcji /  |c Giuliano Amici ; przeł. [z wł.] Janina Zielonko ; il. Zbigniew Łoskot. 
246 1 |i Tyt. oryg.:  |a Qui detective R 3 :  |b missione compiuta, 
260 |a Warszawa :  |b "Nasza Księgarnia",  |c 1976  |e (Gdań :  |f ZG). 
300 |a 241, [3] s. ;  |c 20 cm. 
490 1 |a Klub Siedmiu Przygód 
700 1 |a Łoskot, Zbigniew  |d (1922-1997)  |e Il. 
700 1 |a Zielonko, Jane  |d (1922-1982)  |e Tłumaczenie 
710 2 |a Wydawnictwo "Nasza Księgarnia" 
830 0 |a Klub Siedmiu Przygód 
942 |c K 
952 |0 0  |1 0  |4 0  |6 R__76_000000000000000  |7 0  |9 89  |a RYT  |b RYT  |d 2026-05-12  |e 1/2014  |g 10.00  |l 0  |o R.76  |p 2000000000763  |r 2026-05-15 14:02:27  |w 2026-05-15  |y BK  |z da 
999 |c 89  |d 89